Quale città della Svizzera? - Statistics

Statistiche generali
  • Questo quiz è stato fatto 1.054 volte
  • Il punteggio medio è 9 su 20
Statistiche sulle risposte
Indizio Città % Corretto
Città federale della Svizzera B Berna
99%
Città e centro finanziario più grande Z Zurigo
98%
Sede di numerose organizzazioni come l'OMS, il CERN e il CICR G Ginevra
93%
Città più grande della Svizzera italiana L Lugano
89%
Elegante località di villeggiatura ai piedi del Cervino Z Zermatt
52%
La casa di Roger Federer, Novartis e dei Läckerli B Basilea
51%
Sia il Comitato Olimpico Internazionale che il Tribunale Federale Svizzero hanno sede in questa città L Losanna
44%
Capitale del Canton Ticino B Bellinzona
42%
Sede annuale del World Economic Forum D Davos
40%
Importante località turistica nota per il suo Ponte della Cappella L Lucerna
37%
Sede delle Olimpiadi invernali del 1928 e del 1948 S St. Moritz
34%
La biblioteca dell'abbazia di questa città della Svizzera orientale è patrimonio dell'umanità dal 1983 S San Gallo
33%
Sede dell'UEFA e di altre istituzioni calcistiche europee N Nyon
31%
Città il cui nome ricorda il monte di Gerusalemme S Sion
29%
Città sulla riviera svizzera con un noto festival jazz M Montreux
23%
Capoluogo cantonale più settentrionale S Sciaffusa
19%
Il più piccolo capoluogo cantonale. Qui le donne possono votare solo dal 1990 A Appenzello
15%
Ospite della corsa del Lauberhorn W Wengen
14%
Il monastero più importante della Svizzera e tappa del Cammino di Santiago E Einsiedeln
9%
A circa 1.000 metri sul livello del mare, questa metropoli dell'orologeria è una delle città più alte d'Europa L La Chaux-de-Fonds
7%
Nessun quiz corrispondente trovato
Distribuzione punteggi
Percentuale di utenti per punteggio
Percentile per numero di risposta
I tuoi punteggi nel tempo
Non hai fatto questo quiz